Anaconda / Columbia Pictures presents ; directed ... Read More
Available copies
- 0 of 5 copies available at LARL/NWRL Consortium.
- 0 of 4 copies available at Lake Agassiz Regional Library. (Show preferred library)
Current holds
7 current holds with 5 total copies.
Show Only Available Copies
| Location | Call Number / Copy Notes | Barcode | Shelving Location | Status | Due Date |
|---|---|---|---|---|---|
| Breckenridge Public Library | DVD ANA (Text) | 33500014348353 | Main | In transit | - |
| Crookston Public Library | DVD ANA (Text) | 33500014348361 | Main | Checked out | 05/16/2026 |
| Detroit Lakes Public Library | DVD ANA (Text) | 33500014348379 | Main | On holds shelf | - |
| McIntosh Public Library | DVD ANA (Text) | 33500014349344 | Main | Checked out | 05/21/2026 |
| Hallock Public Library | DVD ANA (Text) | 35500006398497 | New | Checked out | 05/21/2026 |
Record details
- Physical Description: 1 videodisc (99 min.) : sound, color ; 4 3/4 in.
- Publisher: Culver City, California : Sony Pictures Home Entertainment, [2026]
- Copyright: ©2026
Content descriptions
| General Note: | Language options from disc menu; not all listed on container insert. Based on Anaconda written by Hans Bauer and Jim Cash & Jack Epps, Jr. Originally released as a motion picture in 2025. Anamorphic widescreen (2.39:1). Special features: Hiss-terical outtakes & bloopers; deleted & extended scenes; A ride into chaos ... Read More |
| Creation/Production Credits Note: | Director of photography, Nigel Bluck ; production ... Read More |
| Participant or Performer Note: | Jack Black, Paul Rudd, Steve Zahn, Thandiwe ... Read More |
| Summary, etc.: | "Doug and Griff have been best friends since they ... Read More |
| Target Audience Note: | MPA rating: PG-13; for violence/action, strong ... Read More CHV rating: PG; for violence, coarse language and ... Read More |
| System Details Note: | DVD; region 1; anamorphic wide screen (2.39:1); ... Read More |
| Language Note: | English, French, Spanish or Thai dialogue; ... Read More |
| Source of Description Note: | Title from container. |
Search for related items by subject
| Subject: | Anaconda > Drama. Motion pictures > Production and direction > Drama. Amazon River Region > Drama. |
| LDR | 07596cgm a2201261 i 4500 | ||
|---|---|---|---|
| 001 | 481543 | ||
| 003 | LARL_NWRL_CONSORTIUM | ||
| 005 | 20260317180102.0 | ||
| 008 | 260126p20262025cau099 e vleng d | ||
| 007 | vd cvaizk | ||
| 040 | . | ‡aTEFMT ‡beng ‡erda ‡cTEFMT ‡dTEF ‡dOCLCO ‡dTEFMT ‡dRCL ‡dINO ‡dRNL ‡dRB0 ‡dJBU | |
| 024 | 1 | . | ‡a043396647886 |
| 024 | 1 | . | ‡a043396646223 |
| 028 | 4 | 2. | ‡a64622 ‡bSony Pictures Home Entertainment ‡q(container) |
| 028 | 4 | 2. | ‡a64622LTT ‡bSony Pictures Home Entertainment ‡q(container) |
| 028 | 4 | 2. | ‡a9968306 ‡bSony Pictures Home Entertainment ‡q(disc) |
| 035 | . | ‡a(OCoLC)1570095035 | |
| 037 | . | ‡bMidwest Tape ‡nhttp://www.midwesttapes.com | |
| 041 | 1 | . | ‡aeng ‡afre ‡aspa ‡atha ‡jeng ‡jchi ‡jfre ‡jkor ‡jspa ‡jtha ‡peng ‡qeng ‡qfre ‡heng |
| 043 | . | ‡asa----- | |
| 046 | . | ‡k2025 ‡2edtf | |
| 082 | 0 | 4. | ‡a791.43/72 ‡223/eng/20260128 |
| 245 | 0 | 0. | ‡aAnaconda / ‡cColumbia Pictures presents ; directed by Tom Gormican ; written by Tom Gormican & Kevin Etten ; produced by Brad Fuller, Andrew Form, Kevin Etten, Tom Gormican ; a Fully Formed production. |
| 257 | . | ‡aUnited States ‡2naf | |
| 264 | 1. | ‡aCulver City, California : ‡bSony Pictures Home Entertainment, ‡c[2026] | |
| 264 | 4. | ‡c©2026 | |
| 300 | . | ‡a1 videodisc (99 min.) : ‡bsound, color ; ‡c4 3/4 in. | |
| 306 | . | ‡a013900 | |
| 336 | . | ‡atwo-dimensional moving image ‡btdi ‡2rdacontent | |
| 337 | . | ‡avideo ‡bv ‡2rdamedia | |
| 338 | . | ‡avideodisc ‡bvd ‡2rdacarrier | |
| 340 | . | ‡b4 3/4 in. | |
| 340 | . | ‡gpolychrome ‡2rdacc | |
| 341 | 0 | . | ‡aauditory ‡bclosedCaptions ‡2sapdv |
| 341 | 0 | . | ‡avisual ‡daudioDescription ‡2sapdv |
| 344 | . | ‡adigital ‡2rdatr | |
| 344 | . | ‡boptical ‡2rdarm | |
| 344 | . | ‡gsurround ‡2rdacpc | |
| 344 | . | ‡gstereo ‡2rdacpc | |
| 344 | . | ‡hDolby Digital 5.1 | |
| 344 | . | ‡hDolby Digital 2.0 | |
| 344 | . | ‡isound ‡2rdasco | |
| 345 | . | ‡c2.39:1 | |
| 345 | . | ‡dwide screen ‡2rdaar | |
| 347 | . | ‡avideo file ‡2rdaft | |
| 347 | . | ‡bDVD video | |
| 347 | . | ‡eregion 1 ‡2rdare | |
| 380 | . | ‡aMotion pictures ‡2lcgft | |
| 538 | . | ‡aDVD; region 1; anamorphic wide screen (2.39:1); Dolby Digital 5.1, Dolby Digital 2.0 (described video). | |
| 546 | . | ‡aEnglish, French, Spanish or Thai dialogue; English, Chinese (simplified), Chinese (traditional), French, Korean, Spanish or Thai subtitles; English subtitles for the deaf and hard of hearing (SDH); English or French described video. | |
| 532 | 1 | . | ‡aEnglish subtitles for the deaf and hard of hearing (SDH) |
| 532 | 1 | . | ‡aEnglish or French described video |
| 588 | 0 | . | ‡aTitle from container. |
| 500 | . | ‡aLanguage options from disc menu; not all listed on container insert. | |
| 511 | 1 | . | ‡aJack Black, Paul Rudd, Steve Zahn, Thandiwe Newton, Daniela Melchior, Selton Mello, Ice Cube, Ione Skye, Rui Ricardo Diaz, John Billingsley. |
| 508 | . | ‡aDirector of photography, Nigel Bluck ; production designer, Steven Jones-Evans ; editors, Craig Alpert, Gregory Plotkin ; music by David Fleming ; costume designer, Alice Babidge. | |
| 500 | . | ‡aBased on Anaconda written by Hans Bauer and Jim Cash & Jack Epps, Jr. | |
| 500 | . | ‡aOriginally released as a motion picture in 2025. | |
| 500 | . | ‡aAnamorphic widescreen (2.39:1). | |
| 521 | 8 | . | ‡aMPA rating: PG-13; for violence/action, strong language, some drug use and suggestive references. |
| 521 | 8 | . | ‡aCHV rating: PG; for violence, coarse language and frightening scenes. |
| 520 | . | ‡a"Doug and Griff have been best friends since they were kids, and have always dreamed of remaking their all-time favorite movie: the cinematic 'classic' Anaconda. When a midlife crisis pushes them to finally go for it, they head deep into the Amazon to start filming. But things get real when an actual giant anaconda appears, turning their comically chaotic movie set into a deadly situation. The movie they're dying to make? It might just get them killed."-- ‡cContainer. | |
| 500 | . | ‡aSpecial features: Hiss-terical outtakes & bloopers; deleted & extended scenes; A ride into chaos with Jack & Paul; Friends in the wild, the cast; The snake charmer, Tom Gormican; Reinventing the legend, Anaconda. | |
| 650 | 0. | ‡aAnaconda ‡vDrama. | |
| 650 | 0. | ‡aMotion pictures ‡xProduction and direction ‡vDrama. | |
| 651 | 0. | ‡aAmazon River Region ‡vDrama. | |
| 655 | 7. | ‡aComedy films. ‡2lcgft ‡0(LARL_NWRL_CONSORTIUM)175650 | |
| 655 | 7. | ‡aAnimal films. ‡2lcgft ‡0(LARL_NWRL_CONSORTIUM)175806 | |
| 655 | 7. | ‡aAction and adventure films. ‡2lcgft ‡0(LARL_NWRL_CONSORTIUM)175617 | |
| 655 | 7. | ‡aHorror films. ‡2lcgft ‡0(LARL_NWRL_CONSORTIUM)175653 | |
| 655 | 7. | ‡aFeature films. ‡2lcgft ‡0(LARL_NWRL_CONSORTIUM)175625 | |
| 655 | 7. | ‡aFiction films. ‡2lcgft ‡0(LARL_NWRL_CONSORTIUM)175626 | |
| 655 | 7. | ‡aVideo recordings for the hearing impaired. ‡2lcgft ‡0(LARL_NWRL_CONSORTIUM)175744 | |
| 655 | 7. | ‡aVideo recordings for people with visual disabilities. ‡2lcgft ‡0(LARL_NWRL_CONSORTIUM)175745 | |
| 700 | 1 | . | ‡aGormican, Tom, ‡d1980- ‡efilm director, ‡escreenwriter, ‡efilm producer. ‡1https://id.oclc.org/worldcat/entity/E39PCjCjdjDJywpyVJ7CdTPhHC |
| 700 | 1 | . | ‡aEtten, Kevin, ‡escreenwriter, ‡efilm producer. ‡1https://id.oclc.org/worldcat/entity/E39PCjC9dy4FfVbdmGrJ7q64VP |
| 700 | 1 | . | ‡aFuller, Brad ‡q(Bradley), ‡efilm producer. ‡1https://id.oclc.org/worldcat/entity/E39PBJmty69DqRcHY7hCXy3mh3 |
| 700 | 1 | . | ‡aForm, Andrew, ‡efilm producer. ‡1https://id.oclc.org/worldcat/entity/E39PBJdGKwbjqMXW4fPybtx7HC ‡0(LARL_NWRL_CONSORTIUM)198631 |
| 700 | 1 | . | ‡aBlack, Jack, ‡d1969- ‡eactor. ‡1https://id.oclc.org/worldcat/entity/E39PBJjMFYBTqpF9PRpRqrTvHC ‡0(LARL_NWRL_CONSORTIUM)146886 |
| 700 | 1 | . | ‡aRudd, Paul, ‡eactor. ‡1https://id.oclc.org/worldcat/entity/E39PBJfX7tQkCqg96wbfB3X8G3 ‡0(LARL_NWRL_CONSORTIUM)141071 |
| 700 | 1 | . | ‡aZahn, Steve, ‡d1968- ‡eactor. ‡1https://id.oclc.org/worldcat/entity/E39PBJptX9yVmK6DvyQkmKqfbd ‡0(LARL_NWRL_CONSORTIUM)137246 |
| 700 | 1 | . | ‡aNewton, Thandiwe, ‡d1972- ‡eactor. ‡1https://id.oclc.org/worldcat/entity/E39PBJcccYY7BypVrHfxyCbmVC |
| 700 | 1 | . | ‡aMelchior, Daniela, ‡d1996- ‡eactor. ‡1https://id.oclc.org/worldcat/entity/E39PCjr8tDY8FmJvmhwTHgXKV3 |
| 700 | 1 | . | ‡aMello, Selton, ‡d1972- ‡eactor. ‡1https://id.oclc.org/worldcat/entity/E39PBJwX47KQK7bRQtkH6GYXVC |
| 700 | 0 | . | ‡aIce Cube ‡c(Musician), ‡eactor. ‡1https://id.oclc.org/worldcat/entity/E39PBJpPyymwphTBjtFqFpqbBP ‡0(LARL_NWRL_CONSORTIUM)112433 |
| 700 | 1 | . | ‡aSkye, Ione, ‡eactor. ‡1https://id.oclc.org/worldcat/entity/E39PBJmHGwypRKXp3dWRxq9kXd ‡0(LARL_NWRL_CONSORTIUM)204447 |
| 700 | 1 | . | ‡aDiaz, Rui Ricardo, ‡d1978- ‡eactor. ‡1https://id.oclc.org/worldcat/entity/E39PCjBXPfyKKRcw8R3yGVxfVP |
| 700 | 1 | . | ‡aBillingsley, John, ‡d1960- ‡eactor. ‡1https://id.oclc.org/worldcat/entity/E39PBJgCQ8CgpGtyrVh6RXrKBP ‡0(LARL_NWRL_CONSORTIUM)208500 |
| 700 | 1 | . | ‡aBluck, Nigel, ‡edirector of photography. ‡1https://id.oclc.org/worldcat/entity/E39PBJkD7BQ7km6ybQ7QQBFqcP |
| 700 | 1 | . | ‡aJones-Evans, Steven, ‡eproduction designer. ‡1https://id.oclc.org/worldcat/entity/E39PCjJqR7yt7rd6GRX66x9jvd |
| 700 | 1 | . | ‡aAlpert, Craig, ‡eeditor of moving image work. ‡1https://id.oclc.org/worldcat/entity/E39PBJp6bwJ8XCyHwyGWtr4H4q |
| 700 | 1 | . | ‡aPlotkin, Gregory ‡c(Film editor), ‡eeditor of moving image work. ‡1https://id.oclc.org/worldcat/entity/E39PBJmXJVF3JXdH7ycdJ3gtKd |
| 700 | 1 | . | ‡aFleming, Dave, ‡ecomposer. ‡1https://id.oclc.org/worldcat/entity/E39PCjFHYHKYrJjB66qkdYJ8fm |
| 700 | 1 | . | ‡aBabidge, Alice, ‡ecostume designer. |
| 710 | 2 | . | ‡aColumbia Pictures, ‡epresenter. ‡0(LARL_NWRL_CONSORTIUM)7037 |
| 710 | 2 | . | ‡aFully Formed (Firm), ‡epresenter. |
| 710 | 2 | . | ‡aSony Pictures Home Entertainment (Firm), ‡epublisher. ‡0(LARL_NWRL_CONSORTIUM)209884 |
| 730 | 0 | 2. | ‡iContainer of (work): ‡aAnaconda (Motion picture : 2025) |
| 730 | 0 | 2. | ‡iContainer of (expression): ‡aAnaconda (Motion picture : 2025). ‡lFrench. |
| 730 | 0 | 2. | ‡iContainer of (expression): ‡aAnaconda (Motion picture : 2025). ‡lSpanish. |
| 730 | 0 | 2. | ‡iContainer of (expression): ‡aAnaconda (Motion picture : 2025). ‡lThai. |
| 901 | . | ‡a481543 ‡bOCoLC ‡c481543 ‡tbiblio ‡soclc | |

Add to basket
Permalink
Disable Highlighting